| 000 | 00448nam a2200157Ia 4500 | ||
|---|---|---|---|
| 008 | 240729s9999 xx 000 0 und d | ||
| 022 | _a2199-6059 | ||
| 245 | 0 | _aStudies in Logic, Grammar and Rhetoric | |
| 260 | _aPoland | ||
| 260 | _bSciendo | ||
| 650 | _a History of scholarship and learning. The humanities | ||
| 650 | _aGeneral Works | ||
| 856 | _uhttps://doaj.org/toc/a9c4f3a820e64fde9de06a394197ae98 | ||
| 942 | _2ddc | ||
| 942 | _cDOAJEJ | ||
| 999 |
_c71234 _d71234 |
||
| 945 |
_a1 _bMadushi Gamage _c1 _dMadushi Gamage |
||